|
|
|
|
| LEADER |
01967nam a2200481 i 4500 |
| 001 |
nkc20213347327 |
| 003 |
CZ PrNK |
| 005 |
20211217081647.0 |
| 007 |
ta |
| 008 |
210818s2021 xr a e p 000 0 ukro |
| 015 |
|
|
|a cnb003347327
|
| 020 |
|
|
|a 978-80-88415-28-2
|q (vázáno)
|
| 035 |
|
|
|a (OCoLC)1291384329
|
| 040 |
|
|
|a OLA001
|b cze
|e rda
|
| 072 |
|
7 |
|a 553
|x Ložisková geologie
|2 Konspekt
|9 7
|
| 072 |
|
7 |
|a 37.016
|x Učební osnovy. Vyučovací předměty. Učebnice
|2 Konspekt
|9 22
|
| 080 |
|
|
|a 553.31
|2 MRF
|
| 080 |
|
|
|a 005.6
|2 MRF
|
| 080 |
|
|
|a (075.8)
|2 MRF
|
| 100 |
1 |
|
|a Azarjan, Al‘bert Aramaysovyč,
|d 1941-
|7 ola20211131923
|4 aut
|
| 245 |
1 |
0 |
|a Operatyvnyj kontrol‘ ta upravlìnnja jakìstju pry rozrobcì zalìzorudnych rodovyšč /
|c Azarjan A.A., Azarjan V.A., Tračuk A.A.
|
| 264 |
|
1 |
|a Prague :
|b Oktan Print,
|c 2021
|
| 300 |
|
|
|a 144 stran :
|b ilustrace (některé barevné) ;
|c 22 cm
|
| 336 |
|
|
|a text
|b txt
|2 rdacontent
|
| 337 |
|
|
|a bez média
|b n
|2 rdamedia
|
| 338 |
|
|
|a svazek
|b nc
|2 rdacarrier
|
| 500 |
|
|
|a Nad názvem: Mìnìsterstvo osvìty ì nauky Ukrajiny, Kryvorìz‘kyj nacìonal‘nyj unìversytet
|
| 504 |
|
|
|a Obsahuje bibliografii
|
| 650 |
0 |
7 |
|a ložiska železných rud
|7 ph134893
|2 czenas
|
| 650 |
0 |
7 |
|a management jakosti
|7 ph115218
|2 czenas
|
| 650 |
0 |
9 |
|a iron ores deposits
|2 eczenas
|
| 650 |
0 |
9 |
|a quality control
|2 eczenas
|
| 655 |
|
7 |
|a učebnice vysokých škol
|7 fd133772
|2 czenas
|
| 655 |
|
9 |
|a textbooks (higher)
|2 eczenas
|
| 700 |
1 |
|
|a Azarjan, Volodymyr Al‘bertovyč
|7 ola20211131981
|4 aut
|
| 700 |
1 |
|
|a Tračuk, Annaìt Al‘bertìvna
|7 ola20211131984
|4 aut
|
| 710 |
1 |
|
|a Ukrajina.
|b Mìnìsterstvo osvìty ì nauky
|7 kn20020321454
|4 isb
|
| 710 |
2 |
|
|a Kryvorìz‘kyj nacìonal‘nyj unìversytet
|7 ko20211106887
|4 isb
|
| 910 |
2 |
|
|a BOA001
|b 2-1476.056
|
| 990 |
|
|
|a BK
|
| 995 |
|
|
|a 01
|
| 991 |
|
|
|b 202111
|c NOV
|
| 996 |
6 |
|
|b 2610883956
|c 2-1476.056
|l MZK
|r Sklad / do 1 hodiny
|n 0
|p p.v.
|w 001868047
|u 000010
|a 1
|e BOA001
|j MZK50
|s P
|